Полифония. Ч. 2 (Запись № 10947690)

Подробности
000 -МАРКЕР
контрольное поле 01785nam2a2200253 i 4500
001 - ИДЕНТИФИКАТОР ЗАПИСИ
контрольное поле RU\NLR\BIBL_A\011295570
005 - ИДЕНТИФИКАТОР ВЕРСИИ
контрольное поле 20240729055549.0
010 ## - МЕЖДУНАРОДНЫЙ СТАНДАРТНЫЙ НОМЕР КНИГИ (ISBN)
Номер (ISBN) 9785737908669
035 ## - ДРУГИЕ СИСТЕМНЫЕ НОМЕРА
Идентификатор записи (NLR Aleph) 011295570
100 ## - ДАННЫЕ ОБЩЕЙ ОБРАБОТКИ
Данные общей обработки 20161220d2016 u y0rusy50 ca
101 0# - ЯЗЫК РЕСУРСА
Язык текста, звукозаписи и т.д. русский
102 ## - СТРАНА ПУБЛИКАЦИИ ИЛИ ПРОИЗВОДСТВА
Страна публикации Российская Федерация
105 ## - ПОЛЕ КОДИРОВАННЫХ ДАННЫХ: ТЕКСТОВЫЕ МАТЕРИАЛЫ, МОНОГРАФИЧЕСКИЕ
Кодированные данные о монографическом текстовом документе g|||j|||001zy
200 0# - ЗАГЛАВИЕ И СВЕДЕНИЯ ОБ ОТВЕТСТВЕННОСТИ
Основное заглавие Ч. 2
210 ## - ПУБЛИКАЦИЯ, РАСПРОСТРАНЕНИЕ И ДР.
Дата издания, распространения и т.д. 2016
215 ## - ФИЗИЧЕСКАЯ ХАРАКТЕРИСТИКА
Специфическое обозначение материала и объем 246, [1] с.
Другие сведения о физической характеристике нот.
320 ## - ПРИМЕЧАНИЯ О НАЛИЧИИ В ДОКУМЕНТЕ БИБЛИОГРАФИИ / УКАЗАТЕЛЯ
Текст примечания Библиогр.: с. 240-241 и в подстроч. примеч.
320 ## - ПРИМЕЧАНИЯ О НАЛИЧИИ В ДОКУМЕНТЕ БИБЛИОГРАФИИ / УКАЗАТЕЛЯ
Текст примечания Имен. указ.: с. 242-247
461 #0 - УРОВЕНЬ НАБОРА
Встроенное поле 001RU\NLR\BIBL_A\011298867
-- 2001#$aПолифония$eучебник для музыкальных вузов$e[для студентов, обучающихся по направлениям подготовки (специальностям) музыковедение, композиция и художественное руководство оперно-симфоническим оркестром]$fА. Милка$gС.-Петерб. гос. консерватория им. Н.А. Римского-Корсакова$vЧ. 2
-- 700#1$aМилка$bА. П.$gАнатолий Павлович
Системный номер (АБИС) связанной записи 10965028
Автор Милка, А. П.
Место публикации Санкт-Петербург
Дата публикации 2016
Первые сведения об ответственности А. Милка
Имя издателя, распространителя и т.д. Композитор-Санкт-Петербург
Сведения, относящиеся к заглавию учебник для музыкальных вузов : [для студентов, обучающихся по направлениям подготовки (специальностям) музыковедение, композиция и художественное руководство оперно-симфоническим оркестром]
Заглавие Полифония
ISBN 9785737908676
Номер тома Ч. 2
942 ## - ДОПОЛНИТЕЛЬНЫЕ ЭЛЕМЕНТЫ ЗАПИСИ (АБИС)
Тип экземпляра АБИС Книга
980 ## - КОЛЛЕКЦИЯ
Название коллекции НБР

Нет доступных экземпляров.